Statistics for Answers Contain "Iron"

Click here to take the quiz!

General Stats

  • This quiz has been taken 35,675 times
    (10,542 since last reset)
  • The average score is 13 of 20

Answer Stats

Clue Answer % Correct
Alter ego of Tony StarkIron Man
98%
Stalin ruled with an ...Iron Fist
93%
Historic era of iron toolsIron Age
92%
What divided Europe during
the Cold War
Iron Curtain
84%
Margaret Thatcher's nicknameIron Lady
81%
Torture device or heavy metal bandIron Maiden
80%
Rocks from which iron can
be extracted
Iron Ore
77%
German military decorationIron Cross
76%
Competitive cooking showIron Chef
71%
Chemical name of rustIron Oxide
69%
Slang for lifting weightsPumping Iron
68%
Type of medical ventilatorIron Lung
64%
What Daenerys, Cersei, Stannis,
and company all fought over
Iron Throne
62%
What a skillet might be made ofCast Iron
58%
Actor who was the voice of Scar
in "The Lion King"
Jeremy Irons
56%
Animated movie about a boy and his
huge iron friend from space
The Iron Giant
52%
Tyson's nicknameIron Mike
44%
Nickname of Oliver Cromwell
and also the USS Constitution
Old Ironsides
37%
What you could use to make your hair
look like 1990s Justin Timberlake
Curling Iron
37%
"In-A-Gadda-Da-Vida" bandIron Butterfly
24%

Score Distribution

Percentile by Number Answered

Percent of People with Each Score

Your Score History

You have not taken this quiz since the last reset